000 nam a22 a 4500
999 _c364
_d364
005 20170503151327.0
008 170503b1986 -us||||| |||| 00| 0 eng d
020 _a0801654645
040 _aAKMAL
082 _a003 WHI
090 _a003
_bWHI
100 1 _aWhitten, Jeffrey L.
_9821
245 1 0 _aSystems analysis & design methods /
_cJeffrey L. Whitten, Lonnie D. Bentley, Thomas I.M. Ho.
250 _a1st ed.
260 _aSt. Louis :
_bTimes Mirror/Mosby College Pub.,
_c1986
300 _axxxi, 847 p. :
_bill. (some col.) ;
_c25cm
504 _a Includes bibliographies and index.
650 0 _aSystem design.
_9822
650 0 _a System analysis.
_9823
700 1 _aBentley, Lonnie D.
_9824
700 1 _aHo, Thomas I. M.,
_d1948-
_9825
942 _2ddc
_cBOOK